Statistics for Composers by Picture

Click here to take the quiz!

General Stats

  • This quiz has been taken 190 times
  • The average score is 11 of 16

Answer Stats

Answer% Correct
Johann Sebastian Bach
97%
Ludwig van Beethoven
96%
Wolfgang Amadeus Mozart
91%
Antonio Vivaldi
75%
Georg Friedrich Händel
72%
Franz Schubert
71%
Richard Wagner
71%
Johannes Brahms
67%
Pyotr Ilyich Tchaikovsky
66%
Claude Debussy
64%
Franz Liszt
64%
Frédéric Chopin
62%
Igor Stravinsky
62%
Edward Elgar
45%
Robert Schumann
45%
Claudio Monteverdi
42%

Score Distribution

Percentile by Number Answered

Percent of People with Each Score

Your Score History

You have not taken this quiz